| 000 | 00636nam a2200241Ia 4500 | ||
|---|---|---|---|
| 003 | OSt | ||
| 005 | 20221005024024.0 | ||
| 006 | a|||||r|||| 00| 0 | ||
| 007 | ta | ||
| 008 | 221004b |||||||| |||| 00| 0 eng d | ||
| 024 | _a23438 | ||
| 037 | _cTextual | ||
| 040 |
_aCRL _cCRL _beng |
||
| 041 |
_2eng _aeng |
||
| 082 | _aW6, L9 | ||
| 100 |
_aMehta Jashwant B _9580209 |
||
| 245 | 0 |
_aPresidential system _b A better alternative |
|
| 260 |
_aBombay _bJaswant B Mehta India _c1979 |
||
| 300 |
_a79p. _ccm. |
||
| 650 | _aPOLITICAL SCIENCE | ||
| 942 |
_hW6, L9 _cTEXL _2cc |
||
| 999 |
_c932227 _d932227 |
||